Abitare. (Record no. 200044455)
[ view plain ]
| 000 -LEADER | |
|---|---|
| fixed length control field | 00717 a2200265 4500 |
| 001 - CONTROL NUMBER | |
| control field | 200044455 |
| 003 - CONTROL NUMBER IDENTIFIER | |
| control field | TR-AnTOB |
| 005 - DATE AND TIME OF LATEST TRANSACTION | |
| control field | 20190322123045.0 |
| 008 - FIXED-LENGTH DATA ELEMENTS--GENERAL INFORMATION | |
| fixed length control field | 160505d19609999tu zn0p 0 0 |
| 022 ## - INTERNATIONAL STANDARD SERIAL NUMBER | |
| International Standard Serial Number | 0001-3218 |
| 040 ## - CATALOGING SOURCE | |
| Original cataloging agency | TR-AnTOB |
| 041 ## - LANGUAGE CODE | |
| Language code of text/sound track or separate title | İngilizce |
| -- | İtalyanca |
| 050 00 - LIBRARY OF CONGRESS CALL NUMBER | |
| Classification number | NK1700 |
| Item number | .A24 |
| 099 ## - LOCAL FREE-TEXT CALL NUMBER (OCLC) | |
| Classification number | JOURNAL - ABIT |
| 222 #0 - KEY TITLE | |
| Key title | Abitare. |
| 245 00 - TITLE STATEMENT | |
| Title | Abitare. |
| 260 ## - PUBLICATION, DISTRIBUTION, ETC. | |
| Place of publication, distribution, etc. | Milano : |
| Name of publisher, distributor, etc. | Editrice Segesta, |
| Date of publication, distribution, etc. | 1960- |
| 300 ## - PHYSICAL DESCRIPTION | |
| Extent | v. |
| Dimensions | 29 cm. |
| 310 ## - CURRENT PUBLICATION FREQUENCY | |
| Current publication frequency | Yılda on bir sayı (Haziran.-Ağustos ayı birlikte) |
| 321 ## - FORMER PUBLICATION FREQUENCY | |
| Former publication frequency | Yılda on sayı |
| 650 #0 - SUBJECT ADDED ENTRY--TOPICAL TERM | |
| Topical term or geographic name entry element | İç dekorasyon |
| Geographic subdivision | Türkiye |
| Form subdivision | Süreli yayınlar |
| 9 (RLIN) | 72742 |
| Topical term or geographic name entry element | Interior decoration |
| Geographic subdivision | Turkey |
| Form subdivision | Periodicals |
| 9 (RLIN) | 72740 |
| 942 ## - ADDED ENTRY ELEMENTS (KOHA) | |
| Koha item type | Continuing Resource |
| Withdrawn status | Lost status | Source of classification or shelving scheme | Damaged status | Not for loan | Collection code | Home library | Current library | Shelving location | Date acquired | Source of acquisition | Serial Enumeration / chronology | Total Checkouts | Full call number | Barcode | Date last seen | Copy number | Date shelved | Koha item type | Public note | Materials specified (bound volume or other part) |
|---|---|---|---|---|---|---|---|---|---|---|---|---|---|---|---|---|---|---|---|---|
| Library of Congress Classification | Yeni / New | Ödünç Verilemez-Süreli Yayın / Not For Loan-Serials | Süreli Yayınlar | Merkez Kütüphane | Merkez Kütüphane | Süreli Yayınlar Koleksiyonu / Periodicals Collection | 30/01/2017 | Satın Alma / Purchase | 541-545 (2015) | JOURNAL ABIT | J003278 | 30/01/2017 | 1 | 30/01/2017 | Continuing Resource | Süreli Yayın | ||||
| Library of Congress Classification | Yeni / New | Ödünç Verilemez-Süreli Yayın / Not For Loan-Serials | Süreli Yayınlar | Merkez Kütüphane | Merkez Kütüphane | Süreli Yayınlar Koleksiyonu / Periodicals Collection | 30/01/2017 | Satın Alma / Purchase | 546-550 (2015) | JOURNAL ABIT | J003279 | 30/01/2017 | 1 | 30/01/2017 | Continuing Resource | Süreli Yayın | ||||
| Library of Congress Classification | Ödünç Verilemez-Süreli Yayın / Not For Loan-Serials | Süreli Yayınlar | Merkez Kütüphane | Merkez Kütüphane | Süreli Yayınlar Koleksiyonu / Periodicals Collection | 09/07/2020 | Satın Alma / Purchase | Ocak-Haziran Sayı: (551-555) 2016 | J003943 | 09/07/2020 | 1 | 09/07/2020 | Continuing Resource | Süreli Yayın | Sayı: 551-555 | |||||
| Library of Congress Classification | Ödünç Verilemez-Süreli Yayın / Not For Loan-Serials | Süreli Yayınlar | Merkez Kütüphane | Merkez Kütüphane | Süreli Yayınlar Koleksiyonu / Periodicals Collection | 09/07/2020 | Satın Alma / Purchase | Temmuz-Aralık Sayı: (556-560) 2016 | J003942 | 09/07/2020 | 1 | 09/07/2020 | Continuing Resource | Süreli Yayın | Sayı: 556-560 |
